5HLuxD.jpg

KING HENRY VIII SENIOR AND PRIMARY SCHOOL LIBRARY OPAC

Think like a monk : (Record no. 5112)

000 -LEADER
fixed length control field 01248nam a2200313 i 4500
001 - CONTROL NUMBER
control field 2020000011
003 - CONTROL NUMBER IDENTIFIER
control field DLC
005 - DATE AND TIME OF LATEST TRANSACTION
control field 20250620104319.0
008 - FIXED-LENGTH DATA ELEMENTS--GENERAL INFORMATION
fixed length control field 201104s2020 nyua e b 001 0deng d
020 ## - INTERNATIONAL STANDARD BOOK NUMBER
International Standard Book Number 9780008355562
040 ## - CATALOGING SOURCE
Original cataloging agency DLC
Language of cataloging eng
Description conventions rda
Transcribing agency DLC
Modifying agency NjBwBT
-- CaOL
-- KH8
082 ## - DEWEY DECIMAL CLASSIFICATION NUMBER
Classification number 158.1 SHE
100 1# - MAIN ENTRY--PERSONAL NAME
Personal name Shetty, Jay,
Relator term author.
245 10 - TITLE STATEMENT
Title Think like a monk :
Remainder of title train your mind for peace and purpose every day /
Statement of responsibility, etc. Jay Shetty.
246 30 - VARYING FORM OF TITLE
Title proper/short title Train your mind for peace and purpose every day.
264 #1 - PRODUCTION, PUBLICATION, DISTRIBUTION, MANUFACTURE, AND COPYRIGHT NOTICE
Place of production, publication, distribution, manufacture New York :
Name of producer, publisher, distributor, manufacturer Simon & Schuster,
Date of production, publication, distribution, manufacture, or copyright notice 2020.
264 #4 - PRODUCTION, PUBLICATION, DISTRIBUTION, MANUFACTURE, AND COPYRIGHT NOTICE
Date of production, publication, distribution, manufacture, or copyright notice ©2020.
300 ## - PHYSICAL DESCRIPTION
Extent xix, 328 pages :
Other physical details illustrations ;
Dimensions 24 cm.
336 ## - CONTENT TYPE
Content type term text
Content type code txt
Source rdacontent.
337 ## - MEDIA TYPE
Media type term unmediated
Media type code n
Source rdamedia.
338 ## - CARRIER TYPE
Carrier type term volume
Carrier type code nc
Source rdacarrier.
504 ## - BIBLIOGRAPHY, ETC. NOTE
Bibliography, etc. note Includes bibliographical references and index.
520 ## - SUMMARY, ETC.
Summary, etc. "Jay Shetty, social media superstar and host of the #1 podcast On Purpose, distills the timeless wisdom he learned as a monk into practical steps anyone can take every day to live a less anxious, more meaningful life"--
Assigning source Provided by publisher.
650 #0 - SUBJECT ADDED ENTRY--TOPICAL TERM
Topical term or geographic name entry element Self-realization.
650 #0 - SUBJECT ADDED ENTRY--TOPICAL TERM
Topical term or geographic name entry element Meaning (Psychology)
650 #0 - SUBJECT ADDED ENTRY--TOPICAL TERM
Topical term or geographic name entry element Conduct of life.
650 #0 - SUBJECT ADDED ENTRY--TOPICAL TERM
Topical term or geographic name entry element Hindu monastic and religious life.
942 ## - ADDED ENTRY ELEMENTS (KOHA)
Source of classification or shelving scheme
Koha item type Books - Non Ficton
Holdings
Withdrawn status Lost status Source of classification or shelving scheme Damaged status Not for loan Collection code Permanent Location Current Location Shelving location Date acquired Total Checkouts Full call number Barcode Date due Date last seen Date last checked out Price effective from Koha item type
          Non-Fiction KH8 Senior School Library KH8 Senior School Library Non Fiction 2025-06-20 1 158.1 SHE 3KHSL000102299 2025-10-19 2025-10-10 2025-10-10 2025-06-20 Books - Non Ficton

Powered By KH8 IT Dept